000
00326nam a22001457a 4500
008
210309b ||||| |||| 00| 0 eng d
020
_a
9780801899089
041
_a
eng
080
_a
94
082
_a
94
100
_a
16
101
_a
HIS
245
_a
Studies in Eighteenth-Century Culture
_c
Thomas, D.A
942
_2
udc
_c
BK
999
_c
56052
_d
56052